000 00289nam a22001337a 4500
999 _c528852
_d528852
003 NUST
038 _aMS
082 _a0
100 _aSydney M Levy
_920644
245 _aBuilt operate transfer .\
260 _aNewyork
_bJohn Willey and Sons
_c1996
300 _a411,p;
942 _2ddc
_cBK